Kovové nanočastice, ich syntéza, charakterizácia a využitie bakalárska práca

Guardado en:
Detalles Bibliográficos
Autor principal: Viktoryová, Nicotette
Formato: Libro
Lenguaje:eslovaco
Publicado: Bratislava STU FCHPT 2019
Acceso en línea:Ver en el OPAC
Etiquetas: Agregar Etiqueta
Sin Etiquetas, Sea el primero en etiquetar este registro!

MARC

LEADER 00000nam a2200000 a 4500
005 20260127134001.0
008 190725 2019 xo a 001 0 slo d
035 |a vtls011878891 
039 9 |y 201907251035  |z mschk03 
040 |a STUSCHK1  |b slo  |c STUSCHK1  |e AACR2 
100 1 |a Viktoryová, Nicotette 
245 1 |a Kovové nanočastice, ich syntéza, charakterizácia a využitie  |b bakalárska práca  |c Nicolette Viktoryová 
260 |a Bratislava  |b STU FCHPT  |c 2019 
300 |a 55 s.  |b Obr., tab.  |c 25 cm 
500 |a Študijný program: chémia, medicínska chémia a chemické materiály 
500 |a Študijný odbor: chémia, chemické technológie 
500 |a Školiace pracovisko: Ústav analytickej chémie 
500 |a Evid. číslo: FCHPT-13569-81873 
910 |a SCHK95 
999 |c 1496  |d 1496